| 000 | 00477cam a22001457a 4500 | ||
|---|---|---|---|
| 008 | 180718b1956 xxu||||| |||| 00| 0 eng d | ||
| 082 | _aA6x51 K631 | ||
| 245 |
_aContemporary China: economic and social studyes, documents, bibliography, chronology _cedited by E. Stuart Kirby |
||
| 260 |
_aHongkong _bUniversity Press _c1956 |
||
| 300 | _a264p. | ||
| 650 | _aChina - Economic conditions | ||
| 650 | _aChina - Politics | ||
| 650 | _aChina - History | ||
| 700 | _aKirby, E. Stuart | ||
| 999 |
_c369391 _d369391 |
||